000 00387nam a2200145 i 4500
001 145716
003 ES-MaACL
005 20230906201307.0
007 t|
008 071016s1935 gw ||||1| ger d
245 0 0 _aVereinigung für huftfahrtforsohung
_b: Jahrbuch 1935.
260 _aBerlin :
_bAlderschof,
_c1935.
300 _a341 p. :
_bil. ;
_c23 cm.
852 _aES-MaACL
_jF-2239
999 _c145716
_d145716